Pokémon (and Trainers) in French (# 1) - Statistics

General Stats
  • This quiz has been taken 66 times
  • The average score is 8 of 18
Answer Stats
Hint Answer % Correct
Charizard Dracaufeu
83%
Psyduck Psykokwak
63%
Sandshrew Sabelette
59%
Flareon Pyroli
56%
Joltik Statitik
52%
Pigeot Roucarnage
50%
Hitmonlee Kicklee
46%
Vanilluxe Sorbouboul
43%
Zubat Nosferapti
41%
Alomomola Mamanbo
39%
Swoobat Rhinolove
37%
Azelf Créfadet
35%
Minccino Chinchidou
33%
Cyrus Hélio
33%
Skuntank Moufflair
33%
Jinx Lippoutou
31%
Grimer Tadmorv
28%
Irida Nacchara
26%
No matching quizzes found
Score Distribution
Percent of People with Each Score
Percentile by Number Answered
Your Score History
You have not taken this quiz